|
|
|
|
| LEADER |
01617nam a2200421 a 4500 |
| 001 |
EBC438211 |
| 003 |
MiAaPQ |
| 005 |
20200520144314.0 |
| 006 |
m o d | |
| 007 |
cr cn||||||||| |
| 008 |
890420s1990 alua sb 001 0 eng d |
| 010 |
|
|
|z 89033865
|
| 020 |
|
|
|z 0817304754 (alk. paper)
|
| 020 |
|
|
|z 0817312048 (pbk : alk. paper)
|
| 020 |
|
|
|z 9780817312046
|
| 020 |
|
|
|z 9780817382179
|
| 035 |
|
|
|a (MiAaPQ)EBC438211
|
| 035 |
|
|
|a (Au-PeEL)EBL438211
|
| 035 |
|
|
|a (CaPaEBR)ebr10237165
|
| 035 |
|
|
|a (OCoLC)609839974
|
| 040 |
|
|
|a MiAaPQ
|c MiAaPQ
|d MiAaPQ
|
| 043 |
|
|
|a n-us---
|
| 050 |
|
4 |
|a AM11
|b .O76 1990
|
| 082 |
0 |
4 |
|a 069/.0973
|2 20
|
| 100 |
1 |
|
|a Orosz, Joel J.
|
| 245 |
1 |
0 |
|a Curators and culture
|h [electronic resource] :
|b the museum movement in America, 1740-1870 /
|c Joel J. Orosz.
|
| 260 |
|
|
|a Tuscaloosa :
|b University of Alabama Press,
|c c1990.
|
| 300 |
|
|
|a xii, 304 p. :
|b ill.
|
| 490 |
1 |
|
|a History of American science and technology series
|
| 504 |
|
|
|a Includes bibliographical references (p. [281]-294) and index.
|
| 533 |
|
|
|a Electronic reproduction. Ann Arbor, MI : ProQuest, 2015. Available via World Wide Web. Access may be limited to ProQuest affiliated libraries.
|
| 650 |
|
0 |
|a Museums
|z United States
|x History.
|
| 650 |
|
0 |
|a Museum curators
|z United States
|x History.
|
| 650 |
|
0 |
|a Popular culture
|x Museums
|z United States
|x History.
|
| 655 |
|
4 |
|a Electronic books.
|
| 710 |
2 |
|
|a ProQuest (Firm)
|
| 830 |
|
0 |
|a History of American science and technology series.
|
| 856 |
4 |
0 |
|u https://ebookcentral.proquest.com/lib/matrademy/detail.action?docID=438211
|z Click to View
|